00705nam a2200241 a 4500001001300000003000900013005001700022008004100039020001000080082001900090100002000109245002700129260005500156300000800211500003500219505004500254650001400299700002000313902000800333942000700341952010000348999001500448nice12345678IN_TiNIC20260116012158.0050524s1943 hyda grp 000 0 eng  ac10000a305.80954bJUN aJung, Akbar Yar aHumanity and Politics. aHyderabadbHyderabad Fellowship Publicationsc1943 a12p aincludes index and biblioraphy2 aHyderabad Fellowship Publications No. 2. aSociology1 aJung, Akbar Yar bSRS cBK 00104070aHMIbHMId2007-03-30g100.00l0o305.80954 JUNp06317r2007-03-30w2026-01-16yARB c5962d5962